PAYROLL: A Guide to Running an Efficient Department. (Record no. 5263)

MARC details
005 - DATE AND TIME OF LATEST TRANSACTION
control field 20250626092905.0
020 ## - INTERNATIONAL STANDARD BOOK NUMBER
International Standard Book Number 0-471-70223-4
082 ## - DEWEY DECIMAL CLASSIFICATION NUMBER
Classification number 658.3'21 LSM
100 ## - MAIN ENTRY--PERSONAL NAME
Author name LAMBERT, V. M.
245 ## - TITLE STATEMENT
Title PAYROLL: A Guide to Running an Efficient Department.
250 ## - EDITION STATEMENT
Edition statement 2nd Ed.
260 ## - PUBLICATION, DISTRIBUTION, ETC.
Place of publication, distribution, etc. New York,
Name of publisher, distributor, etc. WILEY, J,
Date of publication, distribution, etc. 2005.
300 ## - PHYSICAL DESCRIPTION
Extent ix, 293p.: ill.; table
Other physical details Index
Dimensions 23cm
700 ## - ADDED ENTRY--PERSONAL NAME
Other authors/Editors IOMA.
942 ## - ADDED ENTRY ELEMENTS (KOHA)
Source of classification or shelving scheme Dewey Decimal Classification
Koha item type Books
Holdings
Date last seen Total checkouts Full call number Barcode Cost, replacement price Price effective from Koha item type Lost status Source of classification or shelving scheme Damaged status Not for loan Withdrawn status Home library Current library Shelving location Date acquired Cost, normal purchase price
06/26/2025   658.3'21(dc 22) DOM0001525 195000.00 06/26/2025 Books   Dewey Decimal Classification       CBE Dodoma CBE Dodoma General Collection 04/26/2010 65000.00
06/26/2025   658.3'21(dc 22) DOM0001526 195000.00 06/26/2025 Books   Dewey Decimal Classification       CBE Dodoma CBE Dodoma General Collection 04/26/2010 65000.00
06/26/2025   658.3'21(dc 22) DOM0001527 195000.00 06/26/2025 Books   Dewey Decimal Classification       CBE Dodoma CBE Dodoma General Collection 04/26/2010 65000.00
06/26/2025   658.3'21(dc 22) DOM0001528 195000.00 06/26/2025 Books   Dewey Decimal Classification       CBE Dodoma CBE Dodoma General Collection 04/26/2010 65000.00
06/26/2025   658.3'21(dc 22) DOM0001529 195000.00 06/26/2025 Books   Dewey Decimal Classification       CBE Dodoma CBE Dodoma General Collection 04/26/2010 65000.00